<?xml version="1.0" encoding="UTF-8"?>
<record
    xmlns:xsi="http://www.w3.org/2001/XMLSchema-instance"
    xsi:schemaLocation="http://www.loc.gov/MARC21/slim http://www.loc.gov/standards/marcxml/schema/MARC21slim.xsd"
    xmlns="http://www.loc.gov/MARC21/slim">

  <leader>01412nam a22002177a 4500</leader>
  <controlfield tag="005">20250506092958.0</controlfield>
  <controlfield tag="008">250106b           ||||| |||| 00| 0 eng d</controlfield>
  <datafield tag="020" ind1=" " ind2=" ">
    <subfield code="a">9789388810371</subfield>
  </datafield>
  <datafield tag="040" ind1=" " ind2=" ">
    <subfield code="c">AL</subfield>
  </datafield>
  <datafield tag="041" ind1=" " ind2=" ">
    <subfield code="a">English</subfield>
  </datafield>
  <datafield tag="082" ind1=" " ind2=" ">
    <subfield code="2">23</subfield>
    <subfield code="a">920</subfield>
    <subfield code="b">WONW</subfield>
  </datafield>
  <datafield tag="100" ind1=" " ind2=" ">
    <subfield code="a">Wonder House</subfield>
    <subfield code="9">209379</subfield>
  </datafield>
  <datafield tag="245" ind1=" " ind2=" ">
    <subfield code="a">Worlds Greatest Entrepreneurs</subfield>
  </datafield>
  <datafield tag="260" ind1=" " ind2=" ">
    <subfield code="b">Wonder House Books</subfield>
    <subfield code="c">2024</subfield>
    <subfield code="a">Noida, Uttar Pradesh</subfield>
  </datafield>
  <datafield tag="300" ind1=" " ind2=" ">
    <subfield code="a">160 p.</subfield>
    <subfield code="b">PB</subfield>
    <subfield code="c">19.5x12.5 cm.</subfield>
  </datafield>
  <datafield tag="365" ind1=" " ind2=" ">
    <subfield code="a">HYD8-7023045</subfield>
    <subfield code="b">&#x20B9;99.75</subfield>
    <subfield code="c">&#x20B9;</subfield>
    <subfield code="d">&#x20B9;798.00</subfield>
    <subfield code="f">17-12-2024</subfield>
  </datafield>
  <datafield tag="440" ind1=" " ind2=" ">
    <subfield code="a">Worlds Greatest</subfield>
    <subfield code="9">192286</subfield>
  </datafield>
  <datafield tag="520" ind1=" " ind2=" ">
    <subfield code="a">A meticulously researched book, which celebrates the achievements of famous and intriguing entrepreneurs who have inspired generations with their talent, hard work, and success stories. Age-appropriate content, fun facts and bold illustrations will appeal to the curiosity of young inquisitive minds and help them develop their reading skills and general knowledge.
. CONTENTS: 1.Amancio Ortega Gaona 2.Andrew Carnegie 3.Arianna Huffington 4.Bill Gates 5.Elon Musk 6.Est&#xE9;e Lauder 7.Henry Ford 8.Howard Schultz 9.Jack Ma 10.Jeff Bezos 11.Larry Page 12.Mark Zuckerberg 13.Mary Kay Ash 14.Mukesh Ambani 15.Oprah Winfrey 16.Peter Jones 17.Phil Knight 18.Ratan Tata 19.Ray Kroc 20.Rupert Murdoch 21.Sir Richard Branson 22.Steve Jobs 23.Ted Turner 24.Walt Disney 25.Warren Buffett</subfield>
  </datafield>
  <datafield tag="650" ind1=" " ind2=" ">
    <subfield code="a">Biographies and  Autobiographies</subfield>
    <subfield code="9">192253</subfield>
  </datafield>
  <datafield tag="942" ind1=" " ind2=" ">
    <subfield code="2">ddc</subfield>
    <subfield code="c">REF</subfield>
  </datafield>
  <datafield tag="999" ind1=" " ind2=" ">
    <subfield code="c">233513</subfield>
    <subfield code="d">233513</subfield>
  </datafield>
  <datafield tag="952" ind1=" " ind2=" ">
    <subfield code="0">0</subfield>
    <subfield code="1">0</subfield>
    <subfield code="2">ddc</subfield>
    <subfield code="4">0</subfield>
    <subfield code="7">3</subfield>
    <subfield code="8">JR</subfield>
    <subfield code="a">AL</subfield>
    <subfield code="b">AL</subfield>
    <subfield code="c">RS</subfield>
    <subfield code="d">2025-01-03</subfield>
    <subfield code="e">amazon.in</subfield>
    <subfield code="g">99.75</subfield>
    <subfield code="l">0</subfield>
    <subfield code="o">920 WONW</subfield>
    <subfield code="p">077451</subfield>
    <subfield code="r">2025-01-06 00:00:00</subfield>
    <subfield code="v">798.00</subfield>
    <subfield code="w">2025-01-06</subfield>
    <subfield code="y">REF</subfield>
  </datafield>
</record>
